000 00589nam a2200289Ia 4500
001 3281
003 6673
005 20240911062935.0
008 ||||||n9999 ||| || ||
020 _a9684510276
041 _aspa
082 _219
_a330101
100 _aGujarati, Damodar N.
_96187
245 0 _aEconometria
260 _aMéxico :
_bMCGRA,
_c1981.
300 _a463p
562 _e4
942 _cBKM
999 _c3281
_d3281
526 _a15794
526 _a116204
526 _a4969
526 _a19790
526 _a104436
526 _a5144
526 _a51868
526 _a1697